<?xml version="1.0" encoding="UTF-8"?>
<collection xmlns="http://www.loc.gov/MARC21/slim">
<record>
  <controlfield tag="001">308768</controlfield>
  <controlfield tag="005">20240928181455.0</controlfield>
  <datafield tag="035" ind1=" " ind2=" ">
    <subfield code="a">G:(GEPRIS)30511985</subfield>
  </datafield>
  <datafield tag="024" ind1="7" ind2=" ">
    <subfield code="a">G:(GEPRIS)30511985</subfield>
    <subfield code="d">30511985</subfield>
  </datafield>
  <datafield tag="040" ind1=" " ind2=" ">
    <subfield code="a">GEPRIS</subfield>
    <subfield code="c">http://gepris.its.kfa-juelich.de</subfield>
  </datafield>
  <datafield tag="150" ind1=" " ind2=" ">
    <subfield code="a">Gemeinsame Inventarisierung, Katalogisierung und digitale Bereitstellung der Papyrussammlungen in Halle, Jena und Leipzig</subfield>
    <subfield code="y">2006 - 2012</subfield>
  </datafield>
  <datafield tag="371" ind1=" " ind2=" ">
    <subfield code="a">Universität LeipzigUniversitätsbibliothek</subfield>
  </datafield>
  <datafield tag="450" ind1=" " ind2=" ">
    <subfield code="a">DFG project G:(GEPRIS)30511985</subfield>
    <subfield code="w">d</subfield>
    <subfield code="y">2006 - 2012</subfield>
  </datafield>
  <datafield tag="510" ind1="1" ind2=" ">
    <subfield code="a">Deutsche Forschungsgemeinschaft</subfield>
    <subfield code="0">I:(DE-588b)2007744-0</subfield>
    <subfield code="b">DFG</subfield>
  </datafield>
  <datafield tag="680" ind1=" " ind2=" ">
    <subfield code="a">Die in Jena und Leipzig noch nicht erschlossenen griechischen Papyri sollen in arbeitsteiliger Kooperation gescannt, sicherheitsverfilmt und katalogisiert werden. Die gewonnenen Informationen sollen so aufbereitet werden, dass sie in einem noch zu schaffenden deutschen Papyrusportal zusammen mit den übrigen Sammlungen suchbar sind und einheitlich präsentiert werden können. Als informationstechnische Lösung dient die von den Projektpartnern Halle-Jena-Leipzig mitentwickelte und bereits eingesetzte Applikation von MyCoRe. Neben der ortsunabhängigen Zugänglichkeit ortsgebundenen Materials und der langfristigen Bestandssicherung des einmalig vorhandenen Kulturguts bezweckt die Bestandserschließung die wissenschaftliche Bearbeitung mit modernsten Methoden zur Entzifferung, Auswertung und Deutung.</subfield>
  </datafield>
  <datafield tag="909" ind1="C" ind2="O">
    <subfield code="o">oai:juser.fz-juelich.de:975643</subfield>
    <subfield code="p">authority:GRANT</subfield>
    <subfield code="p">authority</subfield>
  </datafield>
  <datafield tag="980" ind1=" " ind2=" ">
    <subfield code="a">G</subfield>
  </datafield>
  <datafield tag="980" ind1=" " ind2=" ">
    <subfield code="a">AUTHORITY</subfield>
  </datafield>
  <datafield tag="909" ind1="C" ind2="O">
    <subfield code="o">oai:juser.fz-juelich.de:975643</subfield>
  </datafield>
</record>
</collection>